[Event "Hoogeveen op 22nd"]
[Site "Hoogeveen"]
[Date "2018.10.24"]
[Round "6"]
[White "Van Dorp, Folke"]
[Black "Warakomska, Anna"]
[Result "0-1"]
[WhiteElo "2097"]
[BlackElo "2293"]
[PlyCount "84"]
[EventDate "2018.10.20"]
[EventType "swiss"]
[EventRounds "9"]
[EventCountry "NED"]
[SourceTitle "CBM 187 Extra"]
[Source "ChessBase"]
[SourceDate "2018.11.04"]
[SourceVersion "1"]
[SourceVersionDate "2018.11.04"]
[SourceQuality "1"]

1. e4 c5 2. Nc3 e6 3. g3 Nc6 4. Bg2 g6 5. Nge2 Bg7 6. d3 Nge7 7. Be3 Nd4 8. 0-0 Rb8 9. a3 b5 10. b4 d6 11. Rb1 0-0 12. Qd2 Bd7 13. f4 Nec6 14. f5 cxb4 15. axb4 exf5 16. Nf4 fxe4 17. Nxe4 Nf5 18. Bf2 Be6 19. c3 Qd7 20. Rbe1 h6 21. g4 Nfe7 22. h3 a5 23. bxa5 Nxa5 24. Nxe6 fxe6 25. Bg3 Nb7 26. g5 Nf5 27. Bh2 h5 28. d4 Na5 29. Ng3 Nc4 30. Qd3 Kh7 31. Nxf5 exf5 32. Bd5 Rfe8 33. Bxc4 bxc4 34. Qxc4 Rbc8 35. Qd3 Qc6 36. Rc1 Re4 37. Kf2 Rce8 38. Rfe1 Qd5 39. Rxe4 fxe4 40. Qg3 e3+ 41. Ke1 Qa2 42. Rd1 Qc2 0-1

[Event "Hoogeveen op 22nd"]
[Site "Hoogeveen"]
[Date "2018.10.20"]
[Round "1"]
[White "Zwirs, Nico"]
[Black "Van Dorp, Folke"]
[Result "1-0"]
[WhiteElo "2410"]
[BlackElo "2097"]
[PlyCount "49"]
[EventDate "2018.10.20"]
[EventType "swiss"]
[EventRounds "9"]
[EventCountry "NED"]
[SourceTitle "CBM 187 Extra"]
[Source "ChessBase"]
[SourceDate "2018.11.04"]
[SourceVersion "1"]
[SourceVersionDate "2018.11.04"]
[SourceQuality "1"]

1. e4 d6 2. d4 Nf6 3. Nc3 e5 4. Nf3 exd4 5. Nxd4 Be7 6. Bf4 0-0 7. Qd2 a6 8. 0-0-0 Re8 9. f3 Bf8 10. g4 Bd7 11. Nf5 Nc6 12. Bg5 Ne5 13. Qg2 Bxf5 14. gxf5 c6 15. Rg1 Kh8 16. f4 Ned7 17. e5 Nxe5 18. fxe5 Rxe5 19. Ne4 Rxe4 20. Bxf6 Qxf6 21. Qxe4 d5 22. Qf3 Bd6 23. Rg2 Be5 24. c3 b5 25. Kb1 1-0

[Event "Hoogeveen Unive op 19th"]
[Site "Hoogeveen"]
[Date "2015.10.24"]
[Round "9"]
[White "Gieben, Stijn"]
[Black "Van Dorp, Folke"]
[Result "1-0"]
[WhiteElo "1955"]
[BlackElo "2168"]
[PlyCount "79"]
[EventDate "2015.10.17"]
[EventType "swiss"]
[EventRounds "9"]
[EventCountry "NED"]
[SourceTitle "EXT 2017"]
[Source "ChessBase"]
[SourceDate "2016.10.25"]
[SourceVersion "1"]
[SourceVersionDate "2016.10.25"]
[SourceQuality "1"]

1. e4 c5 2. Nf3 e6 3. d4 cxd4 4. Nxd4 Nf6 5. Nc3 Nc6 6. Be3 Bb4 7. Bd3 d5 8. 0-0 Bxc3 9. bxc3 dxe4 10. Bb5 Qc7 11. Nxc6 bxc6 12. Bf4 Qxf4 13. Bxc6+ Bd7 14. Bxa8 0-0 15. Bb7 Bb5 16. Qd4 Bxf1 17. Rxf1 Ng4 18. g3 Qh6 19. h4 f5 20. Kg2 f4 21. Qxe4 g5 22. Rh1 Rf5 23. Qd4 Qf8 24. Bf3 Ne5 25. Be4 fxg3 26. Bxf5 Qxf5 27. Qe3 g4 28. Qg5+ Qxg5 29. hxg5 gxf2 30. Kxf2 Nf7 31. Rh4 Nxg5 32. Rxg4 h6 33. Ra4 Kf7 34. Rxa7+ Kf6 35. a4 Ne4+ 36. Ke3 Nxc3 37. a5 Ke5 38. a6 Kd6 39. Rb7 Kc6 40. Rb3 1-0

[Event "Amsterdam Science Park op-A 2nd"]
[Site "Amsterdam"]
[Date "2012.07.20"]
[Round "7"]
[White "Straat, Evert Jan"]
[Black "Van Dorp, Folke"]
[Result "1/2-1/2"]
[WhiteElo "2091"]
[BlackElo "2183"]
[PlyCount "33"]
[EventDate "2012.07.14"]
[EventType "swiss"]
[EventRounds "9"]
[EventCountry "NED"]
[SourceTitle "CBM 149 Extra"]
[Source "ChessBase"]
[SourceDate "2012.08.24"]
[SourceVersion "1"]
[SourceVersionDate "2012.08.24"]
[SourceQuality "1"]

1. d4 f5 2. Nf3 Nf6 3. g3 e6 4. Bg2 d5 5. c4 c6 6. b3 Bd6 7. 0-0 Qe7 8. Bb2 0-0 9. Qc1 b6 10. Ba3 Nbd7 11. Bxd6 Qxd6 12. Qa3 Qxa3 13. Nxa3 Ba6 14. Rac1 Rac8 15. Rc2 Rfd8 16. Rfc1 Ne4 17. Nd2 1/2-1/2

[Event "Hoogeveen Unive op 15th"]
[Site "Hoogeveen"]
[Date "2011.10.14"]
[Round "1"]
[White "Peelen, Piet"]
[Black "Van Dorp, Folke"]
[Result "1/2-1/2"]
[WhiteElo "2354"]
[BlackElo "2050"]
[PlyCount "58"]
[EventDate "2011.10.14"]
[EventType "swiss"]
[EventRounds "9"]
[EventCountry "NED"]
[SourceTitle "CBM 144 Extra"]
[Source "ChessBase"]
[SourceDate "2011.10.28"]
[SourceVersion "1"]
[SourceVersionDate "2011.10.28"]
[SourceQuality "1"]

1. d4 Nf6 2. Nf3 g6 3. c4 c5 4. d5 d6 5. Nc3 Bg7 6. e4 0-0 7. h3 e6 8. Bd3 exd5 9. exd5 Re8+ 10. Be3 Na6 11. 0-0 Nb4 12. Bb1 Bd7 13. Qd2 Qb8 14. a3 Na6 15. Bf4 b5 16. cxb5 Bxb5 17. Bxd6 Qxd6 18. Nxb5 Qxd5 19. Qxd5 Nxd5 20. Ba2 Rad8 21. Rad1 Nac7 22. Ng5 Nxb5 23. Bxd5 Nd6 24. b3 h6 25. Nf3 Nb5 26. Bc6 Nc3 27. Bxe8 Nxd1 28. Bb5 Nb2 29. Re1 Rb8 1/2-1/2